Visualizzazione normale
Vista MARC
- Boffi Pietro
di Personal Name
Records bibliografici associati: 48
001 - CONTROL NUMBER
- control field: 56283
003 - CONTROL NUMBER IDENTIFIER
- control field: IT-RoPau
005 - DATE AND TIME OF LATEST TRANSACTION
- control field: 20170310163406.0
008 - FIXED-LENGTH DATA ELEMENTS
- fixed length control field: 170310|| aca||aabn | a|a d
040 ## - CATALOGING SOURCE
- Original cataloging agency: IT-RoPau
- Transcribing agency: IT-RoPau
100 ## - HEADING--PERSONAL NAME
- Personal name: Boffi Pietro
670 ## - SOURCE DATA FOUND
- Source citation: Work cat.: (IT-RoPau): Boffi Pietro, Il matrimonio, cardine della società civile, 2015